[Event "Olympiad-32"]
[Site "Yerevan"]
[Date "1996.09.28"]
[Round "12.3"]
[White "Rojas Keim, Luis Alberto"]
[Black "Ahundov, Ruslan"]
[Result "0-1"]
[WhiteElo "2355"]
[BlackElo "2405"]
[PlyCount "116"]
[EventDate "1996.09.15"]
[EventType "team-swiss"]
[EventRounds "14"]
[EventCountry "ARM"]
[SourceTitle "CBM 055"]
[Source "ChessBase"]
[SourceDate "1996.12.01"]
[SourceVersion "1"]
[SourceVersionDate "1996.12.01"]
[SourceQuality "1"]
[WhiteTeam "Chile"]
[BlackTeam "Turkmenistan"]
[WhiteTeamCountry "CHI"]
[BlackTeamCountry "TKM"]

1. e4 e6 2. d4 d5 3. e5 c5 4. c3 Nc6 5. Nf3 Qb6 6. Be2 cxd4 7. cxd4 Nge7 8. Nc3 Nf5 9. Na4 Qa5+ 10. Kf1 Bd7 11. b3 b5 12. Bd2 Qc7 13. Bxb5 Ncxd4 14. Bxd7+ Qxd7 15. Nxd4 Nxd4 16. g3 Be7 17. Kg2 0-0 18. Qg4 Nf5 19. Rac1 Ba3 20. Rcd1 Rac8 21. Bc3 Qb7 22. Qf3 Rc6 23. h4 Be7 24. Kh3 Rfc8 25. Rd3 Qc7 26. Re1 Qb8 27. h5 Bb4 28. g4 Ne7 29. Re2 Bxc3 30. Rxc3 Rxc3 31. Nxc3 Qb4 32. Nd1 h6 33. Qe3 d4 34. Qd3 Rc1 35. Re4 Nc6 36. Kg2 Qa5 37. a4 Qd5 38. f3 a5 39. Kg3 Qc5 40. Nf2 Rg1+ 41. Kh2 Ra1 42. Qb5 Qc1 43. Re2 Qg1+ 44. Kh3 Rc1 45. Qd3 Rf1 46. Qe4 Rc1 47. Rd2 Rc3 48. Re2 Nxe5 49. Qa8+ Kh7 50. Rxe5 Qxf2 51. Qe4+ Kg8 52. Qa8+ Kh7 53. Qe4+ g6 54. hxg6+ Kg7 55. Rf5 exf5 56. Qe5+ f6 57. Qe7+ Kxg6 58. gxf5+ Kg5 0-1

[Event "Olympiad-32"]
[Site "Yerevan"]
[Date "1996.09.27"]
[Round "11.2"]
[White "Ghorbani, Mohsen"]
[Black "Ahundov, Ruslan"]
[Result "0-1"]
[WhiteElo "2200"]
[BlackElo "2405"]
[PlyCount "126"]
[EventDate "1996.09.15"]
[EventType "team-swiss"]
[EventRounds "14"]
[EventCountry "ARM"]
[SourceTitle "CBM 055"]
[Source "ChessBase"]
[SourceDate "1996.12.01"]
[SourceVersion "1"]
[SourceVersionDate "1996.12.01"]
[SourceQuality "1"]
[WhiteTeam "Iran"]
[BlackTeam "Turkmenistan"]
[WhiteTeamCountry "IRI"]
[BlackTeamCountry "TKM"]

1. d4 d5 2. Nf3 Nf6 3. c4 e6 4. g3 Nbd7 5. Nbd2 dxc4 6. Nxc4 b5 7. Na3 a6 8. Bg2 Bb7 9. 0-0 c5 10. dxc5 Bxc5 11. Nc2 0-0 12. a4 Be4 13. Ncd4 e5 14. Nb3 Be7 15. axb5 axb5 16. Bg5 Rxa1 17. Qxa1 Bd5 18. Nbd2 h6 19. Bxf6 Nxf6 20. Rd1 e4 21. Nd4 e3 22. fxe3 Bxg2 23. Kxg2 Ng4 24. Nf1 Qd5+ 25. Nf3 Qc4 26. Rd3 Bf6 27. Qb1 b4 28. h3 Ne5 29. Nxe5 Bxe5 30. Nd2 Qc6+ 31. Nf3 Qe4 32. Qa2 Bf6 33. Qb3 Qb7 34. Kf2 Rc8 35. Rd2 Rc1 36. g4 Kh8 37. Rd5 Rb1 38. Ne5 Bh4+ 39. Kg2 Rxb2 40. Nxf7+ Kg8 41. Nd6 Rxb3 42. Nxb7 Rxe3 43. Rd2 b3 44. Nd6 Bf6 45. Kf2 Rc3 46. Ne4 Bh4+ 47. Kg2 Rc2 48. Rd7 Rxe2+ 49. Kf3 Rh2 50. Rb7 Rxh3+ 51. Kf4 Kh7 52. Ke5 Rd3 53. Kf5 Rf3+ 54. Ke5 Kg6 55. Rb6+ Kh7 56. Rb7 Kg6 57. Rb6+ Bf6+ 58. Nxf6 Rxf6 59. Rxb3 Kg5 60. Rb4 g6 61. Ra4 Rf1 62. Ra6 Re1+ 63. Kd6 Rg1 0-1

[Event "Ashkhabad-A"]
[Site "Ashkhabad"]
[Date "1996.??.??"]
[Round "6"]
[White "Ahundov, Ruslan"]
[Black "Iuldachev, Saidali"]
[Result "0-1"]
[WhiteElo "2405"]
[BlackElo "2495"]
[PlyCount "80"]
[EventDate "1996.??.??"]
[EventType "tourn"]
[EventRounds "13"]
[EventCountry "TKM"]
[EventCategory "9"]
[SourceTitle "CBM 053"]
[Source "ChessBase"]
[SourceDate "1996.08.01"]
[SourceVersion "1"]
[SourceVersionDate "1996.08.01"]
[SourceQuality "1"]

1. d4 Nf6 2. Nf3 c6 3. Bg5 Ne4 4. Bf4 d5 5. Nbd2 Bf5 6. Nh4 e6 7. Nxf5 exf5 8. f3 Bd6 9. Bxd6 Nxd6 10. e3 0-0 11. Bd3 Re8 12. Kf2 Qb6 13. Nb3 Nd7 14. g3 c5 15. Nxc5 Nxc5 16. dxc5 Qxc5 17. Re1 Re6 18. c3 Rae8 19. Qd2 g5 20. f4 gxf4 21. gxf4 Rh6 22. Rg1+ Kf8 23. Rae1 Rxh2+ 24. Rg2 Rh4 25. Kf3 Re6 26. Qf2 Rhh6 27. Rg3 d4 28. cxd4 Qd5+ 29. Ke2 Qxd4 30. Rc1 Qxb2+ 31. Rc2 Qb4 32. Qg2 Rhg6 33. Qh3 Kg7 34. Qh4 Ne4 35. Rh3 Rh6 36. Rg3+ Nxg3+ 37. Qxg3+ Reg6 38. Qf2 Rh1 39. Bxf5 Qb5+ 40. Bd3 Qh5+ 0-1

[Event "Asia-ch"]
[Site "Dubai"]
[Date "1996.??.??"]
[Round "?"]
[White "Ahundov, Ruslan"]
[Black "Sarwat, Walaa"]
[Result "1-0"]
[WhiteElo "2405"]
[BlackElo "2355"]
[PlyCount "97"]
[EventDate "1996.??.??"]
[EventType "swiss"]
[EventRounds "9"]
[EventCountry "UAE"]
[SourceTitle "EXT 1999"]
[Source "ChessBase"]
[SourceDate "1998.11.16"]
[SourceVersion "1"]
[SourceVersionDate "1998.11.16"]
[SourceQuality "1"]

1. d4 Nf6 2. c4 e6 3. Nf3 b6 4. Nc3 Bb7 5. e3 Be7 6. Bd3 d5 7. 0-0 0-0 8. b3 Nbd7 9. Bb2 c5 10. cxd5 exd5 11. Rc1 Re8 12. dxc5 bxc5 13. Bf5 g6 14. Bh3 Rb8 15. Na4 Ne4 16. Bxd7 Qxd7 17. Nd2 Nxd2 18. Qxd2 Rbc8 19. Nxc5 Bxc5 20. Rxc5 Rxc5 21. Qd4 f6 22. Qxc5 a6 23. Qd4 Qe6 24. Qb4 Re7 25. Re1 Qe4 26. Bd4 Rc7 27. Rb1 Qe6 28. Qa5 Rc8 29. a4 Kf7 30. b4 f5 31. b5 h5 32. Qd2 Rc4 33. Ra1 Qe4 34. f3 Qc2 35. Qxc2 Rxc2 36. h4 Ke6 37. Rb1 Kd7 38. Kh2 axb5 39. axb5 Ke6 40. Kg3 Kd7 41. Ra1 Kc8 42. Rg1 Kd7 43. Kf4 Ke6 44. Kg5 Kf7 45. g4 fxg4 46. fxg4 Rf2 47. Kh6 hxg4 48. Rxg4 Ke6 49. Kxg6 1-0

[Event "Ashkhabad-A"]
[Site "Ashkhabad"]
[Date "1996.??.??"]
[Round "1"]
[White "Annageldyev, Orazly"]
[Black "Ahundov, Ruslan"]
[Result "1/2-1/2"]
[WhiteElo "2485"]
[BlackElo "2405"]
[PlyCount "20"]
[EventDate "1996.??.??"]
[EventType "tourn"]
[EventRounds "13"]
[EventCountry "TKM"]
[EventCategory "9"]
[SourceTitle "CBM 053"]
[Source "ChessBase"]
[SourceDate "1996.08.01"]
[SourceVersion "1"]
[SourceVersionDate "1996.08.01"]
[SourceQuality "1"]

1. e4 e5 2. Nf3 Nf6 3. Nxe5 d6 4. Nf3 Nxe4 5. Qe2 Qe7 6. d3 Nf6 7. Bg5 Qxe2+ 8. Bxe2 Be7 9. Nc3 c6 10. 0-0-0 h6 1/2-1/2

[Event "Ashkhabad-A"]
[Site "Ashkhabad"]
[Date "1996.??.??"]
[Round "10"]
[White "Odeev, Handszar"]
[Black "Ahundov, Ruslan"]
[Result "0-1"]
[WhiteElo "2425"]
[BlackElo "2405"]
[PlyCount "80"]
[EventDate "1996.??.??"]
[EventType "tourn"]
[EventRounds "13"]
[EventCountry "TKM"]
[EventCategory "9"]
[SourceTitle "CBM 053"]
[Source "ChessBase"]
[SourceDate "1996.08.01"]
[SourceVersion "1"]
[SourceVersionDate "1996.08.01"]
[SourceQuality "1"]

1. e4 g6 2. d4 Bg7 3. Nc3 d6 4. Bg5 Nd7 5. Qd2 c5 6. Nf3 a6 7. Be2 b5 8. 0-0 Bb7 9. Rad1 cxd4 10. Nxd4 Ngf6 11. f3 0-0 12. Bh6 b4 13. Nb1 Bxh6 14. Qxh6 Qb6 15. Kh1 Rfc8 16. Qd2 d5 17. exd5 Bxd5 18. Nb3 a5 19. Nc1 Be6 20. Rfe1 Rab8 21. b3 Qc6 22. Bd3 Nc5 23. Re2 Nxd3 24. Nxd3 Nd5 25. Qh6 Rb7 26. Red2 Qb6 27. Nf2 Qe3 28. Qh4 Kg7 29. Ne4 Rbc7 30. Qg3 Qf4 31. Rxd5 Qxg3 32. hxg3 Bxd5 33. Rxd5 Rxc2 34. Nbd2 Rxa2 35. Nc5 Rc7 36. Nc4 e6 37. Re5 Kg8 38. Ne4 a4 39. Nf6+ Kf8 40. Rb5 axb3 0-1

[Event "Ashkhabad-A"]
[Site "Ashkhabad"]
[Date "1996.??.??"]
[Round "7"]
[White "Safin, Shukhrat"]
[Black "Ahundov, Ruslan"]
[Result "1/2-1/2"]
[WhiteElo "2510"]
[BlackElo "2405"]
[PlyCount "81"]
[EventDate "1996.??.??"]
[EventType "tourn"]
[EventRounds "13"]
[EventCountry "TKM"]
[EventCategory "9"]
[SourceTitle "CBM 053"]
[Source "ChessBase"]
[SourceDate "1996.08.01"]
[SourceVersion "1"]
[SourceVersionDate "1996.08.01"]
[SourceQuality "1"]

1. d4 d5 2. c4 e6 3. Nc3 Nf6 4. Bg5 Be7 5. e3 h6 6. Bh4 0-0 7. Nf3 Ne4 8. Bxe7 Qxe7 9. Qb3 Nxc3 10. Qxc3 dxc4 11. Bxc4 b6 12. 0-0 Bb7 13. Be2 Rc8 14. b4 c5 15. bxc5 bxc5 16. Qa3 Kf8 17. Rab1 Be4 18. Rbc1 Nd7 19. Ba6 Bxf3 20. gxf3 Rc7 21. Rc3 Qg5+ 22. Kh1 Qd5 23. Be2 Rac8 24. Rd1 Qh5 25. e4 Kg8 26. d5 exd5 27. Rxd5 Qh4 28. Kg1 c4 29. Qc1 Nf6 30. Rd4 Nh5 31. Rdxc4 Nf4 32. Bf1 Qg5+ 33. Kh1 Rxc4 34. Rxc4 Rxc4 35. Qxc4 g6 36. Qc7 a5 37. a4 Kg7 38. Qc3+ Kg8 39. Qc8+ Kg7 40. Qc3+ Kg8 41. Qc8+ 1/2-1/2